Breve historia del teatro mexicano /

Antonio Magaña Esquivel fue novelista, crítico y dramaturgo mexicano. Como investigador del teatro mexicano destaca con sus libros Imagen del teatro (1940), Sueño y realidad del teatro (1949) y Teatro mexicano del siglo XX, v. 2 (1956). Por su parte, Ruth Lamb fue una destacada catedrática norteamer...

Descripción completa

Guardado en:
Detalles Bibliográficos
Autor principal: Magaña Esquivel, Antonio (autor)
Otros autores: Lamb, Ruth S. (autor) (autor)
Formato: Libro
Idioma:Español
Publicado: México : Andrea, 1958, c1958
Colección:(Manuales Studium ; 8)
Temas:
Etiquetas: Agrega una etiqueta
Sin etiquetas, Sé el primero en etiquetar este registro!

MARC

LEADER 00000nam^a2200000^a^4500
001 000141681
005 20250521000000.0
009 20260310095622.22
037 |a Acervo ITESO - Biblioteca 
041 |a ESP 
082 |a 792. 0972  |b MAG 
100 |a Magaña Esquivel, Antonio  |e (autor) 
245 1 0 |a Breve historia del teatro mexicano /  |c A. Magaña Esquivel, R.S. Lamb. 
264 4 |a México :  |b Andrea,  |c 1958, c1958 
300 |a 176 p. 
336 |a texto  |b txt  |2 rdacontenido 
337 |a sin mediación  |b n  |2 rdamedio 
338 |a volumen  |b nc  |2 rdasoporte 
440 1 |a (Manuales Studium ;  |v 8) 
520 |a Antonio Magaña Esquivel fue novelista, crítico y dramaturgo mexicano. Como investigador del teatro mexicano destaca con sus libros Imagen del teatro (1940), Sueño y realidad del teatro (1949) y Teatro mexicano del siglo XX, v. 2 (1956). Por su parte, Ruth Lamb fue una destacada catedrática norteamericana de literatura hispanoamericana en Scripps College, y se especializó en investigar sobre la escena mexicana. Esta obra es una historiografía del teatro en México que analiza desde el drama prehispánico hasta el fenómeno del teatro experimental de los años 50. 
649 |a XX 
650 |a Audiciones Artísticas -  |z México -  |x Historia -  |y Siglo XIX 
650 |a Producción (Artes Escénicas) -  |z México -  |y Historia 
650 |a Escenografía -  |z México -  |y Historia 
650 |a Representación (Teatro) -  |z México -  |x Historia y Crítica 
650 |a Teatro -  |z México -  |x Historia -  |y Epoca Prehispánica 
650 |a Teatro -  |z México -  |x Historia -  |y Epoca Colonial, 1517-1821 
650 |a Teatro -  |z México -  |x Historia -  |y Regencia e Imperio, 1821-1823 
650 |a Teatro -  |z México -  |x Historia -  |y Constitución y Reforma, 1855-1863 
650 |a Teatro -  |z México -  |x Historia -  |y Revolución, 1910-1917 
650 |a Teatro -  |z México -  |x Historia -  |y Régimen Callista, 1924-1928 
650 |a Teatro -  |z México -  |x Historia -  |y Siglo XIX 
650 |a Teatro -  |z México -  |x Historia -  |y 1940-1946 
650 |a Teatro -  |z México -  |x Historia -  |y 1952-1958 
700 |a Lamb, Ruth S.  |e (autor) 
910 |a Fondo Salvador Reynoso Reynoso 
920 |a Impresos - Libros 
930 |a Fondos Especiales 
905 |a 112 
901 |a 0800015252  |b IT2  |c ESP  |u 20250521 
902 |a https://opac.biblio.iteso.mx/vufind/Record/000141681